000 00298nam a22001337a 4500
008 170503b xxu||||| |||| 00| 0 eng d
020 _a9781422461419
041 _aeng
080 _210 ED
_a343.9
100 _a13
101 _aSHJ
245 _aCRIMINAL EVIDENCE
_cINGRAM.J.L
942 _2udc
_cBK
999 _c12488
_d12488